La respuesta de los servicios sociales ante los nuevos riesgos de la sociedad : un análisis desde el paradigma /

保存先:
書誌詳細
その他の著者: Laparra, Miguel (coordinador.), Zugasti, Nerea (coordinadora., autora.), Sánchez Salmerón, Víctor (coordinador.), Jaraíz Arroyo, Germán (autor.)
フォーマット: eBook
言語:スペイン語
出版事項: Madrid : Dykinson, 2025.
主題:
オンライン・アクセス:https://elibro.unach.elogim.com/es/lc/unach/titulos/285899
タグ: タグ追加
タグなし, このレコードへの初めてのタグを付けませんか!

MARC

LEADER 00000nam a2200000 i 4500
001 ELB285899
003 FINmELB
005 20250825120000.0
006 m o d |
007 cr cnu||||||||
008 250825s2025 sp ob 001 0 spa d
017 |a M-6528-2025  |b España 
020 |a 9791370062262  |q (e-book) 
035 |a (OCoLC)1538592628 
040 |a FINmELB  |b spa  |e rda  |c FINmELB 
050 4 |a HV40  |b R47 2025 
080 |a 364-7 
082 1 |a 361  |2 23 
245 0 3 |a La respuesta de los servicios sociales ante los nuevos riesgos de la sociedad :  |b un análisis desde el paradigma /  |c Miguel Laparra, Nerea Zugasti, Víctor Sánchez Salmerón (coordinadores) ; Nerea Zugasti, Víctor Sánchez-Salmerón, Germán Jaraíz Arroyo, Ana Gómez Pérez, Fernanda Caro, María Antonia Carbonero, Joana María Mestre, Juan Ma Prieto Lobato, Pablo de la Rosa Gimeno, Manuel Aguilar Hendrickson, Miguel Ángel Manzano Rodríguez, Felix Arrieta Frutos, Ane Ferran Zubillaga, Cinta Guinot Viciano, Víctor Manuel Giménez-Bertomeu, Ma Raquel Agost-Felip, Lucía Martínez-Martínez, Gloria Caravantes López de Lerma, Ma Teresa Mira-Perceval Pastor, Nicolás De Alfonseti-Hartmannn, Encarna Canet Benavent, Yolanda Domenech-López, Miguel Laparra, Sandra Siria, Xavier Uceda. 
264 1 |a Madrid :  |b Dykinson,  |c 2025. 
300 |a 1 recurso en línea (363 páginas) 
336 |a texto  |b txt  |2 rdacontent/spa 
337 |a computadora  |b c  |2 rdamedia/spa 
338 |a recurso en línea  |b cr  |2 rdacarrier/spa 
500 |a Incluye índice. 
504 |a Incluye bibliografía. 
588 |a Descripción basada en metadatos suministrados por el editor y otras fuentes. 
590 |a Recurso electrónico. Santa Fe, Arg.: elibro, 2025. Disponible vía World Wide Web. El acceso puede estar limitado para las bibliotecas afiliadas a elibro. 
650 4 |a Servicios sociales. 
650 4 |a Sociología. 
650 4 |a Riesgo social. 
650 4 |a Política social. 
655 4 |a Libros electrónicos. 
700 1 |a Laparra, Miguel,  |e coordinador. 
700 1 |a Zugasti, Nerea,  |e coordinadora. 
700 1 |a Sánchez Salmerón, Víctor,  |e coordinador. 
700 1 |a Zugasti, Nerea,  |e autora. 
700 1 |a Jaraíz Arroyo, Germán,  |e autor. 
797 2 |a elibro, Corp. 
856 4 0 |u https://elibro.unach.elogim.com/es/lc/unach/titulos/285899